000 00417cam a22001217a 4500
008 180718b1988 xxu||||| |||| 00| 0 eng d
082 _aO97x598 In8
100 _aBarnum, Howard
245 _aInteraction of infant mortality and fertility and the effectiveness of health and family planning programs
_cby Howard Barnum
260 _aWashington, D.C.
_bIBRD
_c1988
300 _a36p.
650 _aBirth Control - Indonesia
999 _c225678
_d225678